000 00728nam a22002651 4500
999 _c8818
_d8818
001 8818
003 BD-JhCC
005 20180709105335.0
008 710519s1968 enk 000 0 eng
035 _a(BD-JhCC)8818
040 _aDLC
_cDLC
_dDLC
_dBD-JhCC
041 _aeng
050 0 0 _aPE1112
_b.M23
082 0 0 _a808.04/2
_bWAL 1968
100 1 _aWalters, D. W.
245 1 0 _aAn Intermediate English course /
_cD. W. Walters
260 _aLondon,
_bMacDonald & Evans,
_c1968.
300 _a[x], 211 p.
_c19 cm.
350 _a12/6
490 0 _aThe M&E handbook series
650 0 _aEnglish language
_xComposition and exercises.
650 0 _aEnglish language
_xSelf-instruction.
942 _2ddc
_cBK